00442nam a2200109Ia 4500008004100000050002600041100003100067245010600098260008600204300002800290521001400318140724s9999 xx 000 0 und d aHF 5415.2b.G993 2012 aGuzman, Beatrice Nicole T. 2aA marketing research and analysis for Manna Hydro Bio - Energy Catalyst /cBeatrice Nicole T. Guzman. aLas Piñas, Philippines :bSouthville International School and Colleges,cc2012. a42 p. :bill. ;c28 cm. aMarketing